| 000 | 00716nam a2200181 a 4500 | ||
|---|---|---|---|
| 008 | 120416s1975 ||||||||||||||||| || u | ||
| 020 | _a0472087991 | ||
| 050 | _aHG 4028.M4 Ste | ||
| 100 | _aSteiner, Peter Otto, 1922- | ||
| 245 | 1 | 0 | _aMergers: motives, effects, policies |
| 260 |
_aAnn Arbor: _bUniversity of Michigan Press _c1975 |
||
| 300 | _axiii, 359p.: ill. | ||
| 350 | _a0.00 | ||
| 500 | _aIncludes index. -Bibliography: p. 337-349. | ||
| 650 | _aCONSOLIDATION AND MERGER OF CORPORATIONS--UNITED STATES | ||
| 650 | _aCOMPETITION--UNTIED STATES | ||
| 995 |
_D0.00 _FCBU-MAIN LIBRARY (Kitwe) _H1 _I12.50 _UAVAILABLE _ZMain Library Open Access Collection |
||
| 999 |
_c51006 _d51006 |
||